Na prahu civilizácie Tretej vlny. : Futurologické reflexie 1991-2002. /

Uložené v:
Podrobná bibliografia
Hlavný autor: Klinec, Ivan, 1961- (Author)
Médium: Kniha
Jazyk:Slovak
Vydané: Bratislava : Iris, vydavateľstvo, 2003
Vydanie:1. vyd.
Témy:
ISBN: 8089018424 (viaz.)
Fyzický popis: 261 s.
Tagy: Pridať tag
Žiadne tagy, Buďte prvý kto otaguje tento záznam!

MARC

LEADER 00000nam a2200000 a 4500
001 000090331
003 SVKK
005 20030321000000.0
008 030128s2003 xo e sloo
020 |a 8089018424 (viaz.) 
040 |a SVKKK  |b slo  |c SVKKK  |e AACR2 
041 0 |a slo 
044 |a xo  |c SK 
080 |a 001.18"1991/2002"  |2 1997 
080 |a 821.162.4-4  |2 1997 
100 1 |a Klinec, Ivan,  |4 aut  |d 1961- 
245 1 0 |a Na prahu civilizácie Tretej vlny. :  |b Futurologické reflexie 1991-2002. /  |c Ivan Klinec 
250 |a 1. vyd. 
260 |a Bratislava :  |b Iris, vydavateľstvo,  |c 2003 
300 |a 261 s. 
653 0 |a futurológia  |2 SVKKKPH 
653 0 |a r. 1991-2002  |2 SVKKKPH 
653 0 |a reflexie  |2 SVKKKPH 
655 7 |a umelecká literatúra  |2 SVKKKPH 
910 |a svkkk 
919 |a 80-89018-42-4 
974 |a UH  |d 20030217 
974 |a KL  |d 20030213 
974 |a MI  |d 20030321 
998 |a BK 
090 |g SCKHL  |k Sklad Pribinova 2. posch.  |a III.192889  |j 950808  |i 2720087657  |s Absenčne